000 00824nam a2200253Ia 4500
003 OSt
005 20220924124003.0
006 a|||||r|||| 00| 0
007 ta
008 220923b |||||||| |||| 00| 0 san d
020 _c445
024 _a283494
037 _b4279, 18/12/2014, Meharchand Lachhmandas Publications
_cTextual
040 _aARTS
_cARTS
_bsan
041 _2san
_asan
082 _aQ124:4x1,1, 15M2
100 _aSastri Ramakrishan Harshaji
_9194477
245 0 _aManavagrhyasutra of the maitrayaniya Sakha
260 _aNew Delhi
_b Meharchand Lachhmandas India
_c1982
300 _a258p.
_ccm.
650 _aRELIGION
942 _hQ124:4x1,1, 15M2
_cTEXL
_2CC
999 _c417957
_d417957